Регионална библиотека "Любен Каравелов" - Русе

Солнышко (Запис номер 76585)

MARC детайли
000 -Лидер
Контролно поле с фиксирана дължина 01991nam a2200385 c 4500
003 - Код на организацията, давaща контролен номер
Контролно поле BLK
005 - Дата и час на последна редакция
Контролно поле 20221205115653.0
008 - Елементи от данни с фиксирана дължина
fixed length control field 180408b bul|||||r ||||||| ||bul||
010 ## - Наследен системен номер
LC control number KNG00081021000
020 ## - Международен стандартен номер на книга ISBN
Международен стандартен номер на книга ISBN 978-954-01-1927-4
-- издат.: Просвета
020 ## - Международен стандартен номер на книга ISBN
Международен стандартен номер на книга ISBN 978-954-01-1929-8
-- издат.: Просвета - на том(кн. за учителя)
040 ## - Източник на каталожния запис
Идентификатор на билиотеката - собственик на записа BLK
041 ## - Код за език
Код за езика на текст/звукозапис или на отделно заглавие Руски
Код за езика КДБФ Руски
080 ## - УДК
Текстов определител УДК Руски език - учебни предмети
УДК код - определител по УДК 373.3.016:811.161.1
УДК определител (072)
УДК - код + определител 373.3.016:811.161.1(072)
100 1# - Редна дума - Автор
Автор Тодорова, Нина Василиевна
Авторска отговорност първи автор
R(LIN) 368800
139 ## - Редно поле
Редна дума Тодорова, Нина Василиевна и др.
Авторски знак Тодо - Т 64
245 10 - Сведения за заглавието
Заглавие Солнышко
Подзаглавни данни Рус. яз. для ІІ-го кл. : Учебник
Редно поле (дума) Нина Василиевна Тодорова; съавт. Наталия Симеонова Канчева-Хинова.
Том Кн. для учителя
257 ## - Страна на издаване
Страна на създаване/издаване България
260 ## - Област на издателските данни
-- София
Име на издателя, разпространителя и проч. Просвета
Година на издаване 2007
Печатница София : Лито Балкан
300 ## - Физическа характеристика
Размери/Мащаб 29 см
380 ## - Жанр
Жанр Обществени науки
500 ## - Общи забележки
Забележка Авт. не са отбелязани на кор. - 1. изд. 2003 ; В кн. означено 1. прераб. изд. - Офс. изд.
650 #4 - Допълнително описание по предмет – тема
Основно описание – тема или топоним Руски език - методика на преподаването - за основни училища
9 (RLIN) 253913
653 ## - Ключова дума – ненормативна
Ключова дума руски език
653 ## - Ключова дума – ненормативна
Ключова дума методика на преподаването
653 ## - Ключова дума – ненормативна
Ключова дума ІІ кл.
653 ## - Ключова дума – ненормативна
Ключова дума книга за учителя
700 1# - Други автори (авторска отговорност)
Лично име Канчева-Хинова, Наталия Симеонова
9 (RLIN) 371908
760 1# - Описание на основната серия
-- - на том(кн. за учителя)
Редна дума на основното описание Тодорова, Нина Василиевна
Място на издаване, издател и година Просвета, 2007
Страници - том 79 с. : с ил., табл.
Заглавие Кн. для учителя
852 ## - Местоположение
Форматна сигнатура Цб ІІ 15020
856 4# - Електронен адрес и достъп
Електронен формат pdf - файл
Път до файла /url/
856 4# - Електронен адрес и достъп
Електронен формат pdf - файл
Път до файла /url/
942 ## - АРТИКУЛИ
Вид на библиотечния материал Книги
Скрит в OPAC Не
Koha issues (borrowed), all copies 1
944 ## - СЪЗДАВАНЕ И РЕДАКЦИЯ на ЗАПИСА
Създаване/Редакция Създаване
Дата на регистрацията/редакция 04.02.2008
Служител, извършил регистрацията/редакцията Людмила_Стоянова
944 ## - СЪЗДАВАНЕ И РЕДАКЦИЯ на ЗАПИСА
Създаване/Редакция Редакция
Дата на регистрацията/редакция 13.02.2008
Служител, извършил регистрацията/редакцията
999 ## - СИСТЕМНИ КОНТРОЛНИ НОМЕРА
Koha biblionumber 76585
Koha biblioitemnumber 76585
Наличности
Код за отписване Код за изгубен артикул Код за повреда Коз за рестрикции Код за отдаване Артикулен № Име на библиотеката - собственик Име на библиотеката, в която се намира в момента Статус (Текущо местоположение) Дата на вписване в системата Местоположение - отдел Цена в лева Инвентарен номер Систематично азбучна сигнатура Баркод Номер на екземпляра Цена в евро Служебна бележка Служебен тип на артикула
  Не е изгубен Не е повреден без рестрикции ползва се в читалня 124370 Регионална библиотека "Любен Каравелов" Русе Регионална библиотека "Любен Каравелов" Русе Хранилище 2008-02-04 Хранилище 0.00 120000722916 Цб ІІ 15020 120000722916 1 0.00 Дост: Dp Вид: Д N: 43 Дата: 04.10.2007 Книги
Vip Innovations Ltd, Rousse, Bulgaria 2025